000 01461cam a2200253 4500
001 ##L134058
002 ##9341
008 060705n2006 000 0 eng u
020 _a1851128174
_a9781851128174
035 _a(Sirsi) u134058
041 0 _aeng
050 0 4 _a692.21 $2 18
110 2 _aUnited Kingdom
_bDepartment for Communities and Local Government
_94939
245 0 0 _aFire safety risk assessment
_bsleeping accommodation
260 _aLondon
_bDCLG
_c2006
300 _a144p.
_bill.
_c30cm.
350 _a12
505 2 _aFire risk assessment -- Identify fire hazards -- Identify people at risk -- Evaluate, remove, reduce and protect from risk -- Record, plan, inform, instruct and train -- Further guidance on fire risk assessment and fire precautions -- Preventative measures -- Detection and warning systems -- Firefighting equipment and facilities -- Escape routes -- Emergency escape lighting -- Signs and notices -- Quality assurance of fire protection equipment and installation
520 _aAimed at employers, managers, occupiers and owners of sleeping accommodation. Instructs on what has to be done to comply with fire safety law, carrying out a fire risk assessment, and identifying the general fire precautions that need to be in place.
650 2 4 _aREGULATORY REFORM (FIRE SAFETY) ORDER 2005
651 4 _aEngland and Wales
_y1543-
690 _aMANAGEMENT-HEALTH AND SAFETY-FIRE SAFETY-FIRE RISK ASSESSMENT
942 _n0
999 _c105533
_d105533